[Event "Colin Crouch Masters 1st"]
[Site "Harrow High School"]
[Date "2016.04.10"]
[Round "9.15"]
[White "Golding, Alex"]
[Black "Rudd, Jack"]
[Result "0-1"]
[WhiteElo "1994"]
[BlackElo "2263"]
[PlyCount "94"]
[EventDate "2016.04.02"]
[EventType "swiss"]
[EventRounds "9"]
[EventCountry "ENG"]
[Source "John Saunders"]
[SourceDate "2016.04.28"]
[WhiteClock "0:58:43"]
[BlackClock "1:28:11"]

1. e4 e5 2. Nf3 Nc6 3. Bc4 Nf6 4. d3 Bc5 5. c3 d6 6. Bb3 Qe7 7. h3 Bd7 8. Qe2
O-O-O 9. Be3 Nh5 10. g3 f5 11. Bg5 Nf6 12. Nbd2 h6 13. Be3 g5 14. Bxc5 dxc5 15.
O-O-O f4 16. Nc4 b5 17. Na3 a6 18. g4 Na5 19. Bc2 b4 20. Nc4 Nxc4 21. dxc4 a5
22. cxb4 axb4 23. a4 Rdg8 24. Nd2 h5 25. f3 Rh6 26. Rh2 Rgh8 27. Rdh1 Ne8 28.
Nf1 Ng7 29. Qd2 Bc6 30. Qg2 Ne6 31. b3 Nd4 32. h4 hxg4 33. Qxg4+ Kb7 34. Qxg5
Qd6 35. Qg2 Ra8 36. Bd1 Nxb3+ 37. Bxb3 Bxa4 38. Bxa4 Rxa4 39. Qb2 Qd3 40. Qxe5
Rd6 41. Rd2 Qxc4+ 42. Rc2 Qa6 43. Nd2 Ra1+ 44. Nb1 Qa3+ 45. Rb2 Qe3+ 46. Kc2
Qd3+ 47. Kc1 Rxb1+ 0-1

[Event "Colin Crouch Masters 1st"]
[Site "Harrow High School"]
[Date "2016.04.10"]
[Round "9.16"]
[White "Mandnikar, Atreya"]
[Black "Golding, James"]
[Result "1/2-1/2"]
[WhiteElo "1689"]
[BlackElo "2095"]
[PlyCount "53"]
[EventDate "2016.04.02"]
[EventType "swiss"]
[EventRounds "9"]
[EventCountry "ENG"]
[Source "John Saunders"]
[SourceDate "2016.04.28"]
[WhiteClock "1:20:51"]
[BlackClock "1:02:31"]

1. e4 e5 2. Nf3 Nc6 3. Nc3 Nf6 4. d4 exd4 5. Nxd4 Bb4 6. Nxc6 bxc6 7. Bd3 d5 8.
exd5 cxd5 9. O-O O-O 10. Bg5 c6 11. Qf3 Be7 12. Rfe1 Re8 13. Ne2 Rb8 14. b3 c5
15. Rad1 Be6 16. h3 h6 17. Bxf6 Bxf6 18. Nf4 Qd6 19. Nxe6 Rxe6 20. Rxe6 fxe6
21. c4 Qd7 22. cxd5 exd5 23. Bc4 Qc7 24. Qxd5+ Kh8 25. Qd6 Qxd6 26. Rxd6 Rd8
27. Rxd8+ 1/2-1/2

[Event "Colin Crouch Masters 1st"]
[Site "Harrow High School"]
[Date "2016.04.10"]
[Round "9.17"]
[White "Rice, Chris B"]
[Black "Armstrong, William G"]
[Result "1-0"]
[WhiteElo "2038"]
[BlackElo "1868"]
[PlyCount "93"]
[EventDate "2016.04.02"]
[EventType "swiss"]
[EventRounds "9"]
[EventCountry "ENG"]
[Source "John Saunders"]
[SourceDate "2016.04.28"]

1. d4 Nf6 2. c4 g6 3. Nc3 Bg7 4. e4 d6 5. Nf3 O-O 6. h3 Nbd7 7. Be3 e5 8. d5
Nc5 9. Nd2 a5 10. g4 Kh8 11. Be2 Ng8 12. Qc2 f5 13. gxf5 gxf5 14. O-O-O b6 15.
Rdg1 f4 16. Bxc5 bxc5 17. Bg4 Qe7 18. Qd3 Nf6 19. Rg2 h5 20. Bxc8 Raxc8 21. Nf3
Nh7 22. h4 Bh6 23. Ng5 f3 24. Rg3 Rf4 25. Kc2 Nxg5 26. hxg5 h4 27. Rxf3 Rxf3
28. Qxf3 Qxg5 29. Kb3 Rf8 30. Qh3 Qd2 31. a3 Rxf2 32. Rb1 Qc2+ 33. Ka2 Rf4 34.
Qc8+ Bf8 35. Qe6 Rf3 36. Rg1 Rg3 37. Qf6+ Kg8 38. Rf1 Bg7 39. Qf7+ Kh7 40. Qh5+
Kg8 41. Qxh4 Qd3 42. Qd8+ Kh7 43. Rh1+ Bh6 44. Qd7+ Rg7 45. Qf5+ Rg6 46. Rg1
Qxc4+ 47. Ka1 1-0

[Event "Colin Crouch Masters 1st"]
[Site "Harrow High School"]
[Date "2016.04.10"]
[Round "9.18"]
[White "Robinson, Nette"]
[Black "De Paolis, Fabrizio"]
[Result "0-1"]
[WhiteElo "1501"]
[BlackElo "1878"]
[PlyCount "68"]
[EventDate "2016.04.02"]
[EventType "swiss"]
[EventRounds "9"]
[EventCountry "ENG"]
[Source "John Saunders"]
[SourceDate "2016.04.28"]
[WhiteClock "0:05:38"]
[BlackClock "0:18:02"]

1. c4 c5 2. g3 Nc6 3. Bg2 g6 4. Nc3 Bg7 5. Nf3 e6 6. O-O b6 7. a3 Bb7 8. Rb1 a6
9. b4 Qc7 10. bxc5 bxc5 11. Bb2 Nf6 12. Ne4 Nd4 13. Nxf6+ Bxf6 14. Re1 Nxf3+
15. exf3 Bxb2 16. Rxb2 O-O 17. Qb1 Bc6 18. Re3 Ba4 19. f4 Rab8 20. Rxb8 Rxb8
21. Qa1 Qd6 22. d3 Qb6 23. Re1 Qb2 24. Be4 Qxa1 25. Rxa1 Kf8 26. g4 f5 27. gxf5
gxf5 28. Bg2 Bc2 29. Bf1 Rb3 30. Re1 Rxa3 31. Re5 Ra5 32. d4 Ra1 33. Re3 cxd4
34. Rg3 d3 0-1

[Event "Colin Crouch Masters 1st"]
[Site "Harrow High School"]
[Date "2016.04.10"]
[Round "9.23"]
[White "Ross, Chris N"]
[Black "Osborne, Marcus E"]
[Result "1-0"]
[WhiteElo "2194"]
[BlackElo "2213"]
[PlyCount "75"]
[EventDate "2016.04.02"]
[EventType "swiss"]
[EventRounds "9"]
[EventCountry "ENG"]
[Source "John Saunders"]
[SourceDate "2016.04.28"]

1. d4 e6 2. Nf3 Nf6 3. g3 b6 4. Bg2 Bb7 5. O-O Be7 6. c4 O-O 7. Nc3 Ne4 8. Bd2
Bf6 9. Rc1 d6 10. Nxe4 Bxe4 11. Bc3 c6 12. Bh3 Bxf3 13. exf3 d5 14. f4 dxc4 15.
Bg2 Qd6 16. b3 cxb3 17. Qxb3 Rd8 18. Rfd1 Be7 19. Ba1 Qa3 20. Qb1 Qb4 21. Qe4
Rd6 22. Qe2 Nd7 23. Bxc6 Rd8 24. d5 Nf6 25. Be5 exd5 26. Bxd6 Qxd6 27. Bb5 Ne4
28. Rc6 Qb4 29. Bd3 Qa4 30. Rc2 Re8 31. Bb5 Qa3 32. Bxe8 Bc5 33. Qd3 Qb4 34.
Bc6 Bxf2+ 35. Rxf2 Qc5 36. Qd4 Qf8 37. Qxd5 Nxf2 38. Kxf2 1-0

[Event "English Senior 60+ Championship"]
[Site "Harrow High School"]
[Date "2016.04.04"]
[Round "1.1"]
[White "Berry, Stephen H"]
[Black "Sedgwick, David R"]
[Result "1-0"]
[WhiteElo "2292"]
[BlackElo "1973"]
[PlyCount "81"]
[EventDate "2016.04.04"]
[EventType "swiss"]
[EventRounds "5"]
[EventCountry "ENG"]
[Source "John Saunders"]
[SourceDate "2016.04.28"]
[WhiteClock "0:15:19"]
[BlackClock "0:25:46"]

1. Nf3 d5 2. c4 d4 3. e3 c5 4. exd4 cxd4 5. d3 Nc6 6. g3 e5 7. Bg2 Bd6 8. O-O
Nf6 9. Bg5 h6 10. Bxf6 Qxf6 11. a3 O-O 12. Nbd2 Bg4 13. b4 Rac8 14. Ne4 Qd8 15.
Nxd6 Qxd6 16. Re1 Rfe8 17. Qb3 Qf6 18. Nd2 Qg6 19. Ne4 Kh8 20. c5 Re7 21. b5
Nd8 22. Qb4 Qe6 23. Rac1 f5 24. Nd6 Rb8 25. f4 Qf6 26. fxe5 Rxe5 27. Rxe5 Qxe5
28. Re1 Qf6 29. Qc4 Bh5 30. Qd5 Bg6 31. Ne8 Qf8 32. Qd6 Qxd6 33. Nxd6 a6 34. b6
Kh7 35. Re7 f4 36. gxf4 Bxd3 37. Bxb7 Nxb7 38. Rxb7 Rxb7 39. Nxb7 Bb5 40. Kf2
d3 41. Ke3 1-0

[Event "English Senior 60+ Championship"]
[Site "Harrow High School"]
[Date "2016.04.04"]
[Round "1.2"]
[White "Calvert, D Ian"]
[Black "Chandler, Cliff R"]
[Result "0-1"]
[WhiteElo "1963"]
[BlackElo "2258"]
[PlyCount "96"]
[EventDate "2016.04.04"]
[EventType "swiss"]
[EventRounds "5"]
[EventCountry "ENG"]
[Source "John Saunders"]
[SourceDate "2016.04.28"]
[WhiteClock "0:24:18"]
[BlackClock "0:34:47"]

1. b3 e5 2. Bb2 d6 3. d4 exd4 4. Qxd4 Nc6 5. Qd2 d5 6. Nc3 Nf6 7. O-O-O Be6 8.
e4 Bb4 9. Qg5 Bxc3 10. Bxc3 Nxe4 11. Qxg7 Rf8 12. Be1 Qe7 13. Bb5 O-O-O 14.
Bxc6 bxc6 15. f3 Nd6 16. Qc3 Kd7 17. a4 Qg5+ 18. Rd2 c5 19. h4 Qf4 20. Qxc5 Qe5
21. Re2 Qa1+ 22. Kd2 Kc8 23. Ke3 Rg8 24. Ba5 Rd7 25. Kf2 d4 26. Qxa7 Bd5 27.
Qa6+ Bb7 28. Qd3 f5 29. Re1 Qb2 30. Ne2 Ne4+ 31. Kf1 Nc5 32. Qxf5 d3 33. Qxc5
dxe2+ 34. Rxe2 Ba6 35. c4 Qxb3 36. Kf2 Bxc4 37. Rd2 Rxd2+ 38. Bxd2 Qc2 39. Qa5
Rd8 40. Qa8+ Kd7 41. Qa5 Kc6 42. Kg3 Qxd2 43. Qxd2 Rxd2 44. Re1 Kd6 45. h5 c5
46. Re8 Bd3 47. Kf4 c4 48. g4 c3 0-1

[Event "English Senior 60+ Championship"]
[Site "Harrow High School"]
[Date "2016.04.04"]
[Round "1.3"]
[White "Burnett, Jim"]
[Black "Fenwick, Hugh F"]
[Result "1-0"]
[WhiteElo "2108"]
[BlackElo "1904"]
[PlyCount "99"]
[EventDate "2016.04.04"]
[EventType "swiss"]
[EventRounds "5"]
[EventCountry "ENG"]
[Source "John Saunders"]
[SourceDate "2016.04.28"]
[WhiteClock "0:50:19"]
[BlackClock "0:28:20"]

1. d4 e6 2. Nf3 f5 3. g3 Nf6 4. Bg2 Nc6 5. O-O d5 6. b3 Bd6 7. c4 O-O 8. Nc3
Ne4 9. Qc2 Bb4 10. Bb2 Bxc3 11. Bxc3 Bd7 12. Nd2 Be8 13. Nxe4 fxe4 14. Qd2 Bg6
15. f3 exf3 16. Bxf3 Qd7 17. Bg2 Rad8 18. e3 Ne7 19. Rxf8+ Rxf8 20. Re1 c6 21.
e4 Bf7 22. Qe3 Re8 23. Bb4 dxe4 24. Qxe4 Nf5 25. Bc3 Bg6 26. Qe5 Qd6 27. Qxd6
Nxd6 28. d5 exd5 29. Rxe8+ Bxe8 30. cxd5 Kf7 31. Kf2 g6 32. Ke3 Nb5 33. Be5 Ke7
34. a4 Nd6 35. a5 Nf5+ 36. Kf4 a6 37. g4 Nd6 38. Bc3 Nf7 39. Bb4+ Kf6 40. h4 h6
41. Bc3+ Ke7 42. g5 hxg5+ 43. hxg5 Kd6 44. Be4 Nd8 45. Bb4+ c5 46. Bc3 Bf7 47.
Bf6 Kd7 48. Ke5 Be8 49. Bxd8 Kxd8 50. Kf6 1-0

[Event "English Senior 60+ Championship"]
[Site "Harrow High School"]
[Date "2016.04.04"]
[Round "1.4"]
[White "Young, Mel J"]
[Black "Cullen, Anthony P"]
[Result "0-1"]
[WhiteElo "1902"]
[BlackElo "2095"]
[PlyCount "75"]
[EventDate "2016.04.04"]
[EventType "swiss"]
[EventRounds "5"]
[EventCountry "ENG"]
[Source "John Saunders"]
[SourceDate "2016.04.28"]
[WhiteClock "0:00:45"]
[BlackClock "0:03:39"]

1. e4 e6 2. Nf3 d5 3. Nc3 Nf6 4. e5 Nfd7 5. d4 c5 6. dxc5 Nc6 7. Bf4 a6 8. a3
Bxc5 9. Bd3 Be7 10. Qd2 h6 11. h4 Nc5 12. g4 Nxd3+ 13. cxd3 d4 14. Ne4 Qd5 15.
Qe2 Bd7 16. O-O f6 17. exf6 gxf6 18. Bd6 Rg8 19. g5 hxg5 20. hxg5 fxg5 21. Bxe7
Kxe7 22. Rac1 g4 23. Nh2 Qh5 24. Ng3 Qh3 25. Rfe1 Raf8 26. Rc5 Rh8 27. Nhf1 Kd8
28. Qe4 Rf3 29. Rg5 Qh7 30. Qxg4 Rxd3 31. Rg7 Qh3 32. Qe4 Rb3 33. Re2 Rb5 34.
Qg6 Rd5 35. Rd2 Ne5 36. Qf6+ Kc8 37. Rxd4 Bc6 38. Qf5 0-1

[Event "English Senior 60+ Championship"]
[Site "Harrow High School"]
[Date "2016.04.04"]
[Round "1.5"]
[White "Bowmer, Kevin"]
[Black "Millward, David J"]
[Result "1-0"]
[WhiteElo "2086"]
[BlackElo "1877"]
[PlyCount "115"]
[EventDate "2016.04.04"]
[EventType "swiss"]
[EventRounds "5"]
[EventCountry "ENG"]
[Source "John Saunders"]
[SourceDate "2016.04.28"]
[WhiteClock "0:02:53"]
[BlackClock "0:21:44"]

1. e4 e5 2. Nf3 Nc6 3. Bb5 a6 4. Ba4 Nf6 5. O-O b5 6. Bb3 Be7 7. d4 d6 8. c3
O-O 9. Nbd2 Bg4 10. h3 Bh5 11. d5 Na5 12. Bc2 Qd7 13. b4 Nb7 14. Bb2 a5 15. Qe2
Rfb8 16. Bd3 Nd8 17. Nb3 Bxf3 18. Qxf3 axb4 19. cxb4 c5 20. dxc6 Nxc6 21. a3
Qe6 22. Bb1 d5 23. exd5 Qxd5 24. Qxd5 Nxd5 25. Be4 Rd8 26. Rfd1 Nd4 27. Nxd4
exd4 28. Bxd4 Ra6 29. Bb2 Rad6 30. Rac1 Nf4 31. Rxd6 Bxd6 32. Rd1 Ne6 33. Kf1
Be7 34. Rxd8+ Bxd8 35. Bc6 Nc7 36. Bd4 Kf8 37. Bc5+ Be7 38. Bb6 Bd6 39. Ke2 Ke7
40. Kd3 Ke6 41. Bxc7 Bxc7 42. Bxb5 Kd6 43. Kc4 Bb6 44. f3 Be3 45. a4 Kc7 46.
Be8 f6 47. Bf7 Kb6 48. a5+ Ka6 49. Be6 Bd2 50. Bc8+ Ka7 51. Kb5 h6 52. Ka4 Kb8
53. Bf5 Kb7 54. Be4+ Ka7 55. b5 Be1 56. b6+ Ka6 57. Bd3+ Kb7 58. Kb5 1-0

[Event "English Senior 60+ Championship"]
[Site "Harrow High School"]
[Date "2016.04.04"]
[Round "1.6"]
[White "Phillips, William"]
[Black "Jackson, Oliver A"]
[Result "0-1"]
[WhiteElo "1872"]
[BlackElo "2064"]
[PlyCount "54"]
[EventDate "2016.04.04"]
[EventType "swiss"]
[EventRounds "5"]
[EventCountry "ENG"]
[Source "John Saunders"]
[SourceDate "2016.04.28"]
[WhiteClock "0:05:21"]
[BlackClock "0:51:32"]

1. d4 Nf6 2. Nf3 c5 3. c3 e6 4. g3 Nc6 5. Bg2 Be7 6. O-O O-O 7. Nbd2 Rb8 8.
dxc5 Bxc5 9. b4 Be7 10. b5 Na5 11. c4 b6 12. Bb2 Bb7 13. Rc1 Rc8 14. Nd4 Bxg2
15. Kxg2 d5 16. N4b3 Nxc4 17. Nxc4 dxc4 18. Qxd8 Rfxd8 19. Nd4 Ba3 20. Bxa3
Rxd4 21. Bb4 Ne4 22. e3 Rd5 23. f3 Rxb5 24. a3 a5 25. Be7 Rb2+ 26. Kh3 Nf2+ 27.
Kh4 Nd3 0-1

[Event "English Senior 60+ Championship"]
[Site "Harrow High School"]
[Date "2016.04.04"]
[Round "1.7"]
[White "Myall, Ivan J"]
[Black "Scowen, Roger S"]
[Result "1-0"]
[WhiteElo "2064"]
[BlackElo "1861"]
[PlyCount "89"]
[EventDate "2016.04.04"]
[EventType "swiss"]
[EventRounds "5"]
[EventCountry "ENG"]
[Source "John Saunders"]
[SourceDate "2016.04.28"]
[WhiteClock "0:41:38"]
[BlackClock "0:25:54"]

1. e4 c6 2. c4 d5 3. exd5 cxd5 4. cxd5 Qxd5 5. Nc3 Qa5 6. d4 e6 7. Nf3 Nf6 8.
Bd3 Be7 9. O-O Nc6 10. a3 Nd5 11. Bd2 Nxc3 12. Bxc3 Qh5 13. Re1 O-O 14. Qd2 Bd6
15. Ne5 f6 16. Be2 Qh4 17. g3 Qh6 18. Qxh6 gxh6 19. Nxc6 bxc6 20. Bc4 Re8 21.
d5 e5 22. Rad1 c5 23. Bb5 Re7 24. Bc6 Rb8 25. Re4 Bf5 26. Re3 Kg7 27. Kg2 Rc7
28. Ba5 Re7 29. Rd2 Kf7 30. Ba4 Reb7 31. Bc3 Rb6 32. h3 Ke7 33. g4 Bg6 34. f4
Kd8 35. Ba5 Kc7 36. f5 Bf7 37. Bxb6+ axb6 38. Bb5 h5 39. Re4 h4 40. Ra4 Rf8 41.
Bc6 h5 42. Ra7+ Kc8 43. Rd7 Bc7 44. d6 Bd8 45. Ra7 1-0

[Event "English Senior 60+ Championship"]
[Site "Harrow High School"]
[Date "2016.04.04"]
[Round "1.8"]
[White "Gunn, Michael J"]
[Black "Habershon, Paul F"]
[Result "0-1"]
[WhiteElo "1645"]
[BlackElo "2036"]
[PlyCount "70"]
[EventDate "2016.04.04"]
[EventType "swiss"]
[EventRounds "5"]
[EventCountry "ENG"]
[Source "John Saunders"]
[SourceDate "2016.04.28"]
[WhiteClock "0:13:43"]
[BlackClock "0:23:22"]

1. c4 g6 2. g3 Bg7 3. Bg2 d6 4. Nc3 Nf6 5. d3 O-O 6. h3 c6 7. e3 Na6 8. Nge2
Nc7 9. O-O Bd7 10. Rb1 Rb8 11. b4 a6 12. a4 b5 13. axb5 axb5 14. Kh2 Qc8 15.
Bd2 Rd8 16. Nd4 Ne6 17. Nxe6 Bxe6 18. cxb5 cxb5 19. Rc1 Qd7 20. Qe2 Rdc8 21. e4
Rc7 22. Nd5 Bxd5 23. Rxc7 Qxc7 24. exd5 Ra8 25. Rc1 Qd7 26. Be1 h5 27. Rc6 h4
28. Qc2 Ra7 29. Bd2 Qf5 30. Be3 hxg3+ 31. fxg3 Ra3 32. Rc8+ Kh7 33. Rc7 Nxd5
34. Bxd5 Qxd5 35. Rxe7 Ra2 0-1

[Event "English Senior 60+ Championship"]
[Site "Harrow High School"]
[Date "2016.04.05"]
[Round "2.1"]
[White "Jackson, Oliver A"]
[Black "Berry, Stephen H"]
[Result "1-0"]
[WhiteElo "2064"]
[BlackElo "2292"]
[PlyCount "85"]
[EventDate "2016.04.04"]
[EventType "swiss"]
[EventRounds "5"]
[EventCountry "ENG"]
[Source "John Saunders"]
[SourceDate "2016.04.28"]
[WhiteClock "0:08:35"]
[BlackClock "0:07:47"]

1. e4 e5 2. f4 exf4 3. Nf3 h6 4. d4 g5 5. Nc3 d6 6. g3 fxg3 7. hxg3 Bg7 8. Bc4
Bg4 9. Rf1 Qd7 10. Qd3 Bh5 11. Be3 a6 12. O-O-O Nc6 13. a3 Nge7 14. Rd2 Bg6 15.
Qe2 O-O 16. Nh2 b5 17. Bb3 Qh3 18. g4 Na5 19. Rf3 Nxb3+ 20. cxb3 Qh4 21. Qg2
Qe1+ 22. Rd1 Qxd1+ 23. Kxd1 Nc6 24. Qd2 a5 25. Nf1 b4 26. Nd5 bxa3 27. bxa3
Bxe4 28. Nf6+ Bxf6 29. Rxf6 Kg7 30. Bxg5 hxg5 31. Qxg5+ Bg6 32. Ng3 Rg8 33.
Nf5+ Kf8 34. Qf4 Bxf5 35. Qxf5 Nd8 36. Qd7 Kg7 37. Rf5 Rh8 38. Qxc7 Rh6 39. d5
Rg6 40. g5 Kg8 41. Kc2 Kg7 42. Kb2 Kg8 43. b4 1-0

[Event "English Senior 60+ Championship"]
[Site "Harrow High School"]
[Date "2016.04.05"]
[Round "2.2"]
[White "Chandler, Cliff R"]
[Black "Myall, Ivan J"]
[Result "1-0"]
[WhiteElo "2258"]
[BlackElo "2064"]
[PlyCount "49"]
[EventDate "2016.04.04"]
[EventType "swiss"]
[EventRounds "5"]
[EventCountry "ENG"]
[Source "John Saunders"]
[SourceDate "2016.04.28"]
[WhiteClock "0:24:12"]
[BlackClock "0:05:11"]

1. e4 e5 2. Nf3 Nc6 3. Bc4 Bc5 4. b4 Bxb4 5. c3 Ba5 6. d4 exd4 7. O-O d6 8.
cxd4 Bb6 9. Bb2 Bg4 10. Be2 Nf6 11. d5 Bxf3 12. gxf3 Ne5 13. f4 Ng6 14. Bb5+
Kf8 15. Qf3 h5 16. Nd2 Ng4 17. h3 Qh4 18. Nc4 Nxf2 19. Rxf2 Bxf2+ 20. Qxf2 Qxh3
21. f5 Qg4+ 22. Kh2 Nf4 23. Ne3 Qh3+ 24. Kg1 Qxf5 25. Nxf5 1-0

[Event "English Senior 60+ Championship"]
[Site "Harrow High School"]
[Date "2016.04.05"]
[Round "2.3"]
[White "Habershon, Paul F"]
[Black "Burnett, Jim"]
[Result "0-1"]
[WhiteElo "2036"]
[BlackElo "2108"]
[PlyCount "76"]
[EventDate "2016.04.04"]
[EventType "swiss"]
[EventRounds "5"]
[EventCountry "ENG"]
[Source "John Saunders"]
[SourceDate "2016.04.28"]
[WhiteClock "0:03:21"]
[BlackClock "0:04:41"]

1. Nf3 d5 2. b3 Bf5 3. Bb2 e6 4. e3 Nf6 5. Be2 h6 6. O-O Be7 7. d4 O-O 8. c4 c6
9. Nc3 Nbd7 10. a3 a5 11. c5 Qc7 12. b4 axb4 13. axb4 b5 14. Qb3 Ne4 15. Nxe4
Bxe4 16. Nd2 Bh7 17. f3 e5 18. e4 Rxa1 19. Rxa1 Bg5 20. exd5 Bxd2 21. dxc6 Qxc6
22. d5 Nxc5 23. bxc5 Qxc5+ 24. Kf1 Bc2 25. Qa2 Rd8 26. Bxe5 Rxd5 27. Bg3 Rd8
28. Bf2 Qc6 29. Qb2 b4 30. Bd4 Bc3 31. Qxc2 Rxd4 32. Ra6 Qe8 33. Qa4 Qe3 34.
Ra8+ Kh7 35. Qc2+ g6 36. Qb3 Qc1+ 37. Kf2 Qe1+ 38. Ke3 Qg1# 0-1

[Event "English Senior 60+ Championship"]
[Site "Harrow High School"]
[Date "2016.04.05"]
[Round "2.4"]
[White "Cullen, Anthony P"]
[Black "Faulks, Nick W"]
[Result "1-0"]
[WhiteElo "2095"]
[BlackElo "2031"]
[PlyCount "59"]
[EventDate "2016.04.04"]
[EventType "swiss"]
[EventRounds "5"]
[EventCountry "ENG"]
[Source "John Saunders"]
[SourceDate "2016.04.28"]
[WhiteClock "0:24:25"]
[BlackClock "0:27:27"]

1. d4 Nf6 2. c4 c5 3. d5 e6 4. Nc3 exd5 5. cxd5 d6 6. e4 g6 7. h3 Bg7 8. Nf3
O-O 9. Bd3 Re8 10. O-O a6 11. a4 Nbd7 12. Bf4 Qc7 13. Re1 c4 14. Bc2 Nc5 15. e5
dxe5 16. Bxe5 Qb6 17. Rb1 Nd3 18. Bxd3 cxd3 19. d6 Bf5 20. Qd2 Qb4 21. Bh2 Rad8
22. Rbd1 Rxe1+ 23. Rxe1 Ne8 24. g4 Bxg4 25. Qg5 Bxh3 26. Qxd8 Qg4+ 27. Bg3 Qxf3
28. Rxe8+ Bf8 29. Rxf8+ Kg7 30. Rg8+ 1-0

[Event "English Senior 60+ Championship"]
[Site "Harrow High School"]
[Date "2016.04.05"]
[Round "2.5"]
[White "Stimpson, Philip M"]
[Black "Bowmer, Kevin"]
[Result "0-1"]
[WhiteElo "1978"]
[BlackElo "2086"]
[PlyCount "74"]
[EventDate "2016.04.04"]
[EventType "swiss"]
[EventRounds "5"]
[EventCountry "ENG"]
[Source "John Saunders"]
[SourceDate "2016.04.28"]
[WhiteClock "0:31:10"]
[BlackClock "0:10:21"]

1. e4 c5 2. Nc3 Nc6 3. f4 g6 4. Nf3 Bg7 5. Bb5 Nd4 6. O-O Nxb5 7. Nxb5 d5 8. e5
Bg4 9. d4 a6 10. Nc3 cxd4 11. Qxd4 e6 12. Ne1 h5 13. b3 Bf8 14. a4 Ne7 15. Ba3
Nc6 16. Qf2 Bxa3 17. Rxa3 Rc8 18. Ne2 Qe7 19. Ra1 Bxe2 20. Qxe2 O-O 21. g4 hxg4
22. Qxg4 Nd4 23. Rf2 Rc3 24. Rd1 Nf5 25. Rd3 Rfc8 26. Rff3 Qc5+ 27. Kh1 Rxd3
28. Rxd3 Qf2 29. Qg1 Qxf4 30. Nf3 Rxc2 31. Qb6 Rc1+ 32. Kg2 Nh4+ 33. Nxh4 Qf1+
34. Kg3 Qxd3+ 35. Nf3 Kg7 36. Qd8 Rg1+ 37. Kf2 Rf1+ 0-1

[Event "English Senior 60+ Championship"]
[Site "Harrow High School"]
[Date "2016.04.05"]
[Round "2.6"]
[White "Dickson, George A"]
[Black "Norman, Kenneth I"]
[Result "1/2-1/2"]
[WhiteElo "2009"]
[BlackElo "2095"]
[PlyCount "48"]
[EventDate "2016.04.04"]
[EventType "swiss"]
[EventRounds "5"]
[EventCountry "ENG"]
[Source "John Saunders"]
[SourceDate "2016.04.28"]
[WhiteClock "0:54:20"]
[BlackClock "0:47:45"]

1. e4 e5 2. Nf3 Nc6 3. Bc4 Bc5 4. c3 Nf6 5. d4 exd4 6. cxd4 Bb4+ 7. Nc3 Nxe4 8.
O-O Bxc3 9. d5 Bf6 10. dxc6 bxc6 11. Qc2 d5 12. Bd3 O-O 13. Qxc6 Rb8 14. Bf4
Rxb2 15. Bxc7 Qd7 16. Qxd7 Bxd7 17. Be5 Bxe5 18. Nxe5 Ba4 19. Bxe4 dxe4 20. Nc4
Rb4 21. Rfc1 Rd8 22. a3 Rbb8 23. Ne3 g6 24. Rc4 Bb5 1/2-1/2

[Event "English Senior 60+ Championship"]
[Site "Harrow High School"]
[Date "2016.04.05"]
[Round "2.8"]
[White "Scowen, Roger S"]
[Black "Calvert, D Ian"]
[Result "0-1"]
[WhiteElo "1861"]
[BlackElo "1963"]
[PlyCount "96"]
[EventDate "2016.04.04"]
[EventType "swiss"]
[EventRounds "5"]
[EventCountry "ENG"]
[Source "John Saunders"]
[SourceDate "2016.04.28"]

1. d4 d5 2. Nf3 Nf6 3. g3 g6 4. Bg2 Bg7 5. O-O O-O 6. c3 b6 7. Nbd2 Bb7 8. Re1
Nbd7 9. e4 Nxe4 10. Nxe4 dxe4 11. Ng5 c5 12. Nxe4 cxd4 13. cxd4 Bd5 14. Bf4 Nf6
15. Rc1 Bxe4 16. Bxe4 Nxe4 17. Rxe4 e6 18. Be5 Qd5 19. Bxg7 Kxg7 20. Re2 Qxa2
21. b3 Qa3 22. d5 exd5 23. Rc7 Rac8 24. Ree7 Rxc7 25. Rxc7 Qd6 26. Qd4+ Qf6 27.
Qxf6+ Kxf6 28. Rxa7 Rd8 29. Kf1 Ke6 30. Rb7 Rd6 31. Ke2 h5 32. f3 f6 33. g4
hxg4 34. fxg4 g5 35. b4 Ke5 36. b5 d4 37. Re7+ Re6 38. Rc7 Ke4 39. Kd2 Re5 40.
Rc6 Rxb5 41. Rxf6 Rb2+ 42. Kc1 Rxh2 43. Rf5 Kd3 44. Rxg5 Kc3 45. Kd1 d3 46. Rh5
Ra2 47. Ke1 Ra1+ 48. Kf2 d2 0-1

[Event "English Senior 60+ Championship"]
[Site "Harrow High School"]
[Date "2016.04.05"]
[Round "2.10"]
[White "Millward, David J"]
[Black "Gunn, Michael J"]
[Result "1/2-1/2"]
[WhiteElo "1877"]
[BlackElo "1645"]
[PlyCount "68"]
[EventDate "2016.04.04"]
[EventType "swiss"]
[EventRounds "5"]
[EventCountry "ENG"]
[Source "John Saunders"]
[SourceDate "2016.04.28"]

1. e4 e6 2. d4 b6 3. Nc3 Bb7 4. Nf3 Bb4 5. Bd3 Bxc3+ 6. bxc3 d6 7. O-O Nd7 8.
Re1 e5 9. Qe2 Ngf6 10. h3 O-O 11. Bg5 h6 12. Bh4 Re8 13. Nd2 Nf8 14. Qf3 Ng6
15. Bxf6 Qxf6 16. Qxf6 gxf6 17. g3 c6 18. Nc4 Rad8 19. Ne3 Bc8 20. Kg2 Kg7 21.
f3 h5 22. h4 Rg8 23. Kf2 Kf8 24. Rg1 Ne7 25. Rg2 d5 26. exd5 cxd5 27. Rd1 Bb7
28. Nf5 e4 29. Nxe7 Kxe7 30. Re1 f5 31. Bf1 Rc8 32. Re3 Kf6 33. Ke1 Rc7 34. Kd2
Rcc8 1/2-1/2

[Event "English Senior 60+ Championship"]
[Site "Harrow High School"]
[Date "2016.04.06"]
[Round "3.1"]
[White "Bowmer, Kevin"]
[Black "Chandler, Cliff R"]
[Result "0-1"]
[WhiteElo "2086"]
[BlackElo "2258"]
[PlyCount "76"]
[EventDate "2016.04.04"]
[EventType "swiss"]
[EventRounds "5"]
[EventCountry "ENG"]
[Source "John Saunders"]
[SourceDate "2016.04.28"]
[WhiteClock "0:00:56"]
[BlackClock "0:48:02"]

1. e4 e5 2. Nf3 d6 3. d4 exd4 4. Nxd4 Nf6 5. Nc3 Be7 6. Bc4 O-O 7. O-O c6 8. a4
Nxe4 9. Nxe4 d5 10. Bd3 dxe4 11. Bxe4 Bf6 12. Nb3 Qxd1 13. Rxd1 Na6 14. c3 Re8
15. Bf3 Bf5 16. Na5 Bc2 17. Rf1 Nc5 18. Be3 Nb3 19. Nxb3 Bxb3 20. a5 a6 21.
Rfe1 Red8 22. h3 g6 23. Bd1 Bd5 24. Bc2 Kg7 25. Rad1 Be6 26. Bb6 Rxd1 27. Rxd1
Re8 28. Bd4 Bd5 29. Bxf6+ Kxf6 30. Rd2 Re1+ 31. Kh2 Ra1 32. Bd1 Rxa5 33. Bg4
Ra2 34. Bc8 b5 35. Kg3 a5 36. f4 a4 37. Rf2 a3 38. bxa3 Rxa3 0-1